Hauts-de-France Trivia - Statistics

General Stats
  • This quiz has been taken 4 times
  • The average score is 16 of 20
Answer Stats
Hint Answer % Correct
Bordering country to the east Belgium
100%
Tunnel completed in 1994 that connects France to the United Kingdom Channel Tunnel
100%
Largest port city, famous for the evacuation of over 338,000 Allied forces in 1940 Dunkirk
100%
Capital of Hauts-de-France Lille
100%
Hauts-de-France has a coast on this sea North Sea
100%
French name for the strait Pas-de-{Calais}
100%
City home to the largest cathedral in France, and where Jules Verne lived Amiens
75%
Nausicaá, located in Boulogne-sur-Mer, is the biggest public _______ in Europe Aquarium
75%
French leader whose birthplace at 9 Rue Princesse is now a museum Charles de Gaulle
75%
Famous architectural style that originated in the above Gothic
75%
French administrative regions that border Hauts-de-France Grand Est
75%
French administrative regions that border Hauts-de-France Île-de-France
75%
French administrative regions that border Hauts-de-France Normandy
75%
Theme park based on a comic series set in 50 B.C. (hint: *) Parc {Astérix}
75%
Name either of the two largest nearby cities of the above Roubaix | Tourcoing
75%
River along which the deadliest battle of World War I was fought Somme
75%
Ocean strait that separates France and the UK (English name) Strait of {Dover}
75%
Coastal region known for dramatic chalk cliffs (hint: a rock mined in Australia) Côte d'{Opal}e
50%
Historical region that makes up the southern portion of Hauts-de-France Picardy
50%
Maroilles and Mimolette are examples of this food Cheese
25%
No matching quizzes found
Score Distribution
Percent of People with Each Score
Percentile by Number Answered
Your Score History
You have not taken this quiz